| Tag |
First Indicator |
Second Indicator |
Subfields |
| LEADER |
00000cam a2200000 a 4500 |
| 001 |
in00001079021 |
| 005 |
20150929161934.0 |
| 008 |
910321s1992 nyu 000 1 eng |
| 010 |
|
|
|a 91012920
|
| 020 |
|
|
|a 0393030776 :
|c $19.95
|
| 035 |
|
|
|a (OCoLC)23462179
|
| 035 |
|
|
|9 AFQ9224AM
|
| 040 |
|
|
|a DLC
|c DLC
|d OCL
|d TXA
|d UtOrBLW
|
| 043 |
|
|
|a n-usp--
|
| 049 |
|
|
|a TXAM
|
| 050 |
0 |
0 |
|a PS3558.O8725
|b C68 1992
|
| 082 |
0 |
0 |
|a 813/.54
|2 20
|
| 100 |
1 |
|
|a Houston, Pam.
|
| 245 |
1 |
0 |
|a Cowboys are my weakness :
|b stories /
|c Pam Houston.
|
| 264 |
|
1 |
|a New York :
|b W.W. Norton,
|c [1992]
|
| 264 |
|
4 |
|c ©1992
|
| 300 |
|
|
|a 171 pages ;
|c 22 cm.
|
| 336 |
|
|
|a text
|b txt
|2 rdacontent
|
| 337 |
|
|
|a unmediated
|b n
|2 rdamedia
|
| 338 |
|
|
|a volume
|b nc
|2 rdacarrier
|
| 650 |
|
0 |
|a Women
|z West (U.S.)
|x Fiction.
|
| 650 |
|
0 |
|a Cowboys
|v Fiction.
|
| 655 |
|
7 |
|a Love stories.
|2 gsafd
|
| 999 |
|
|
|a MARS
|
| 999 |
f |
f |
|s 5a7268b7-c016-3554-a9dc-b4c12aa6a0c5
|i bb31b55e-d62f-350e-975d-41b0479fc9a9
|t 0
|
| 952 |
f |
f |
|p ric
|a Texas A&M University
|b Rellis Campus
|c Joint Library Facility
|d Remote Storage
|t 0
|e PS3558.O8725 C68 1992
|h Library of Congress classification
|i unmediated -- volume
|m A14823553671
|
| 998 |
f |
f |
|a PS3558.O8725 C68 1992
|t 0
|l Remote Storage
|